000 00370nam a2200133Ia 4500
008 220217s9999||||xx |||||||||||||| ||und||
020 _a81-7808-615-8
082 _a005.133 LIP
100 _aLipman, Stanley
_92382
245 0 _aC# primer; a practical approach
260 _aPearson education asia
_bDelhi
_c2002
300 _b250
650 _aPROGRAMMING LANGUAGE
999 _c168909
_d168909